ՀՀ Գիտությունների ազգային ակադեմիայի հիմնարար գիտական գրադարան  =   Fundamental Scientific Library of NAS RA

Фитонциды : (Record no. 488136)

MARC details
000 -LEADER
fixed length control field 01195nam a2200253 a 4500
001 - CONTROL NUMBER
control field 000989561
003 - CONTROL NUMBER IDENTIFIER
control field AM-YeHGA
005 - DATE AND TIME OF LATEST TRANSACTION
control field 20250617162349.0
008 - FIXED-LENGTH DATA ELEMENTS--GENERAL INFORMATION
fixed length control field 131025s1944 ||||||||r|||||000|0|rus|d
040 ## - CATALOGING SOURCE
Original cataloging agency AM-YeHGA
041 0# - LANGUAGE CODE
Language code of text/sound track or separate title rus
090 ## - LOCALLY ASSIGNED LC-TYPE CALL NUMBER (OCLC); LOCAL CALL NUMBER (RLIN)
-- 491505
245 00 - TITLE STATEMENT
Title Фитонциды :
Remainder of title Научные исследования, доложенные на конференции по проблемам антисептиков биологического происхождения (Томск, 14-15 февраля 1944 г.) /
Statement of responsibility, etc. [Отв. ред. А. Заварзин].
260 ## - PUBLICATION, DISTRIBUTION, ETC.
Place of publication, distribution, etc. Томск :
Name of publisher, distributor, etc. Красное Знамя,
Date of publication, distribution, etc. 1944.
300 ## - PHYSICAL DESCRIPTION
Extent 284 с. :
Other physical details ил., табл. ;
Dimensions 22 см.
504 ## - BIBLIOGRAPHY, ETC. NOTE
Bibliography, etc. note Библиогр. в конце ст.
650 14 - SUBJECT ADDED ENTRY--TOPICAL TERM
Topical term or geographic name entry element Конференции
650 14 - SUBJECT ADDED ENTRY--TOPICAL TERM
Topical term or geographic name entry element Лекарственные растения
650 14 - SUBJECT ADDED ENTRY--TOPICAL TERM
Topical term or geographic name entry element Антисептики
650 14 - SUBJECT ADDED ENTRY--TOPICAL TERM
Topical term or geographic name entry element Фитотерапия
650 14 - SUBJECT ADDED ENTRY--TOPICAL TERM
Topical term or geographic name entry element Научные исследования
700 1# - ADDED ENTRY--PERSONAL NAME
Personal name Заварзин, А.
Relator term ред.
Relationship edt
711 2# - ADDED ENTRY--MEETING NAME
Meeting name or jurisdiction name as entry element Конференция по проблемам антисептиков биологического происхождения
Date of meeting or treaty signing (1944 ;
Location of meeting Томск)
Holdings
Withdrawn status Lost status Damaged status Not for loan Collection Home library Current library Date acquired Total checkouts Full call number Barcode Date last seen Price effective from Koha item type Public note
        General Fundamental Scientific Library Fundamental Scientific Library 18/02/2019   РД II/42357 FL0553263 18/02/2019 18/02/2019 Գրքեր / Books 30 Days Loan
        General Fundamental Scientific Library Fundamental Scientific Library 18/02/2019   РД II/42358 FL0553264 18/02/2019 18/02/2019 Գրքեր / Books 30 Days Loan


ՀՀ ԳԱԱ հիմնարար գիտական գրադարան
ՀՀ,Երևան 0019
Մարշալ Բաղրամյան 24/6
հեռախոս:(374-10) 52-47-50
Հետադարձ կապ

All site content, except where otherwise noted, is licensed under a
Creative Commons License